000 00930nam a22002897a 4500
001 BR7500544
003 BR-BrBNA
005 20230928084721.0
007 ta
008 230509b bl.||||| |||| 00| 0 por d
040 _aBR-BrBNA
_bpor
_cBiblioteca Nacional de Agricultura
041 _a(Por)
072 _aM00; E30
_b/G514
090 _ M00 BR7500544
110 1 _aAssociacao de Credito e Assistencia Rural do Estado do Para, Belem (Brasil)
_9493
245 1 _aRelatorio de atividades do projeto PESCART - Extensao pesqueira - 1. Trimestre de 1975 [Plano de Assistencia a Pesca Artesanal, Para, Brasil]
260 3 _aBelem, PA (Brasil):
_c1975.
300 _a12 p.
500 _aSummary (Por)
650 _aPROJETO DE DESENVOLVIMENTO
650 _aPRODUCAO PESQUEIRA
650 _aDESENVOLVIMENTO PESQUEIRO
650 _aPESCA ARTESANAL
650 _aPARA
909 _a202309
_bLucia
_c55
_dLucia Elande
942 _cBK
999 _c20682
_d20682